[Event "XIX Memorial Nicola Berruto A"]
[Site "Nichelino ITA"]
[Date "2016.03.04"]
[Round "4"]
[White "Crepaldi, Manuele"]
[Black "Coxe, Marino"]
[WhiteElo "1777"]
[BlackElo "1670"]
[Result "1-0"]
[PlyCount "113"]
[EventDate "2016.02.12"]

1. e4 e5 2. f4 exf4 3. Bc4 d6 4. Nf3 Be7 5. O-O Nc6 6. d4 Nf6 7. Nc3 h6 8. Bxf4
O-O 9. h3 a6 10. a3 Nh7 11. Qe2 Bf6 12. e5 dxe5 13. dxe5 Be7 14. Rad1 Bc5+ 15.
Kh1 Qe8 16. Nd5 Bb6 17. Qe4 Kh8 18. Bd3 f5 19. Qe2 Be6 20. c4 Rd8 21. Bc2 Ne7
22. Nxb6 cxb6 23. Rxd8 Qxd8 24. Rd1 Qc8 25. b3 Rd8 26. Rxd8+ Qxd8 27. Qd2 Qxd2
28. Bxd2 g5 29. Nd4 Nf8 30. Bb4 Neg6 31. Bxf8 Nxf8 32. Nxf5 Bxf5 33. Bxf5 Kg7
34. Kg1 Ng6 35. Bxg6 Kxg6 36. g4 Kf7 37. Kf2 Ke6 38. Ke3 Kxe5 39. b4 a5 40. Kd3
axb4 41. axb4 Kf4 42. c5 bxc5 43. bxc5 Kg3 44. Kc4 Kxh3 45. Kb5 Kxg4 46. Kb6 h5
47. Kxb7 h4 48. c6 h3 49. c7 h2 50. c8=Q+ Kg3 51. Qc6 g4 52. Qh1 Kh3 53. Qf1+
Kh4 54. Qg2 g3 55. Kc6 Kg4 56. Kd5 Kf5 57. Qf3+ 1-0

[Event "XIX Memorial Nicola Berruto A"]
[Site "Nichelino ITA"]
[Date "2016.03.04"]
[Round "4"]
[White "D'Ingiullo, Roberto"]
[Black "Manunta, Andrea"]
[WhiteElo "2091"]
[BlackElo "1837"]
[Result "0-1"]
[PlyCount "92"]
[EventDate "2016.02.12"]

1. e4 e6 2. g3 d5 3. Nc3 dxe4 4. Nxe4 Nf6 5. Bg2 Nc6 6. d3 e5 7. Bg5 Be7 8.
Nxf6+ Bxf6 9. Bxc6+ bxc6 10. Bxf6 Qxf6 11. Qf3 Qd6 12. Ne2 Bh3 13. O-O-O Be6
14. Nc3 O-O 15. Rhe1 Rab8 16. Qe4 Rb7 17. Qxe5 Qb4 18. b3 Bg4 19. Ne2 Rb5 20.
Qb2 Re8 21. Nc3 Rbb8 22. Rxe8+ Rxe8 23. Rf1 Bh3 24. Rg1 h6 25. Ne4 f5 26. Nc3
Qc5 27. Nd1 Re2 28. d4 Qb4 29. Qc3 Qxc3 30. Nxc3 Rxf2 31. d5 Rxh2 32. dxc6 Bg2
33. Re1 Kf7 34. Nb5 Bxc6 35. Nd4 Be4 36. b4 h5 37. Re3 g5 38. b5 h4 39. gxh4
gxh4 40. Kd1 Rh1+ 41. Ke2 Bd5 42. Kf2 Rh2+ 43. Kg1 Rg2+ 44. Kf1 Rd2 45. c3 Rxa2
46. Rh3 Bg2+ 0-1

[Event "XIX Memorial Nicola Berruto A"]
[Site "Nichelino ITA"]
[Date "2016.03.04"]
[Round "4"]
[White "Del Duca, Giuseppe"]
[Black "Saggiorato, Diego"]
[WhiteElo "1492"]
[BlackElo "1680"]
[Result "1-0"]
[PlyCount "152"]
[EventDate "2016.02.12"]

1. e4 c5 2. Nc3 Nc6 3. Nf3 d6 4. d4 cxd4 5. Nxd4 Nf6 6. Bb5 Bd7 7. e5 Nxe5 8.
Bxd7+ Qxd7 9. f4 Ng6 10. Qd3 e6 11. Bd2 Be7 12. O-O-O Nd5 13. Nxd5 exd5 14. g3
O-O 15. Rde1 Bf6 16. h4 Qa4 17. Bc3 Qxa2 18. Kd2 Qc4 19. Qe3 Ne7 20. g4 Nc6 21.
Nxc6 Bxc3+ 22. Qxc3 Qxf4+ 23. Kd1 Qxg4+ 24. Kc1 bxc6 25. Qxc6 Qf4+ 26. Kb1 Rfc8
27. Qxd5 Qc4 28. Qd2 Rab8 29. Re7 Qb5 30. b3 Qf5 31. Rhe1 Rxb3+ 32. Kc1 Rbb8
33. Qe2 Qf4+ 34. Re3 Kf8 35. Rf1 Qa4 36. Qd3 Qxh4 37. Qxd6+ Kg8 38. Qd7 Qc4 39.
Qf5 f6 40. Rg1 Qf7 41. Reg3 g5 42. Rh1 Qg6 43. Qe6+ Kh8 44. Rh2 Re8 45. Qd6
Rbd8 46. Qc7 Qg7 47. Qc3 Rc8 48. Qd3 Red8 49. Qf5 Qe7 50. Rh1 Re8 51. Rgh3 Kg8
52. Rxh7 Qe3+ 53. Kb2 Rb8+ 54. Ka2 Qe6+ 55. Qxe6+ Rxe6 56. Rh8+ Kf7 57. Rxb8
Ra6+ 58. Kb2 Kg6 59. Rb7 g4 60. Rg1 f5 61. Rb5 Kg5 62. Kc3 Kf4 63. Rf1+ Kg3 64.
Rfxf5 Rc6+ 65. Kd2 a6 66. Rb3+ Kh4 67. Rf4 Rd6+ 68. Ke3 Kh3 69. Rd3 Re6+ 70.
Kf2+ Kh4 71. Rdd4 Rg6 72. c4 Kh3 73. c5 g3+ 74. Kg1 g2 75. Rf3+ Rg3 76. Rxg3+
Kxg3 1-0

[Event "XIX Memorial Nicola Berruto A"]
[Site "Nichelino ITA"]
[Date "2016.03.04"]
[Round "4"]
[White "Di Chiara, Mauro"]
[Black "Martin, Tiziano"]
[WhiteElo "1950"]
[BlackElo "1911"]
[Result "1/2-1/2"]
[PlyCount "95"]
[EventDate "2016.02.12"]

1. Nf3 Nf6 2. d4 d6 3. c4 Nc6 4. Nc3 e5 5. d5 Ne7 6. e4 Ng6 7. Bd3 Be7 8. O-O
O-O 9. h3 Nd7 10. Be3 Nc5 11. Bc2 a5 12. a3 Nh4 13. Nxh4 Bxh4 14. Qd2 f5 15. b4
axb4 16. axb4 Rxa1 17. Rxa1 f4 18. Bxc5 dxc5 19. Ra8 cxb4 20. Nb5 Qe7 21. d6
cxd6 22. Nxd6 Be6 23. Rxf8+ Qxf8 24. Qxb4 f3 25. Qd2 b6 26. Nf5 Be7 27. gxf3
Bc5 28. Qg5 Kh8 29. Bd3 Bxf5 30. exf5 Qe7 31. Qh5 Kg8 32. Be4 h6 33. Bd5+ Kf8
34. h4 Qe8 35. Qg4 Be7 36. f4 Bf6 37. fxe5 Bxe5 38. Qe4 Bf6 39. Be6 Qd8 40. Bd5
Qe7 41. Qb1 Qc5 42. h5 Bd4 43. Qa2 Qc7 44. Qa8+ Ke7 45. Qg8 Qg3+ 46. Kh1 Qh3+
47. Kg1 Qg3+ 48. Kh1 1/2-1/2

[Event "XIX Memorial Nicola Berruto A"]
[Site "Nichelino ITA"]
[Date "2016.03.04"]
[Round "4"]
[White "Ferrario, Enrico"]
[Black "Alemanni, Marco"]
[WhiteElo "1819"]
[BlackElo "1707"]
[Result "1-0"]
[PlyCount "59"]
[EventDate "2016.02.12"]

1. e4 e5 2. Nf3 Nc6 3. Bb5 Nf6 4. O-O Nxe4 5. Re1 Nd6 6. Bxc6 dxc6 7. Nxe5 Be6
8. d4 Nf5 9. c3 Bd6 10. Nd2 h5 11. Ndf3 Be7 12. Ng6 Rh7 13. Qd3 h4 14. Nxe7
Qxe7 15. Bg5 f6 16. Rxe6 Qxe6 17. Re1 Qxe1+ 18. Nxe1 g6 19. Bxf6 Kd7 20. Nf3
Re8 21. h3 Kc8 22. Ne5 Re6 23. Qc4 Re8 24. Nxg6 Nd6 25. Qd3 Rf7 26. Bxh4 Re1+
27. Kh2 Re8 28. Ne5 Rf4 29. Bg3 Re4 30. f3 1-0

[Event "XIX Memorial Nicola Berruto A"]
[Site "Nichelino ITA"]
[Date "2016.03.04"]
[Round "4"]
[White "Finamore, Vito"]
[Black "Petrini, Emanuela"]
[WhiteElo "1735"]
[BlackElo "1552"]
[Result "1-0"]
[PlyCount "47"]
[EventDate "2016.02.12"]

1. e4 d5 2. exd5 Nf6 3. d4 Nxd5 4. Nf3 Nc6 5. c4 Nb6 6. Be2 g6 7. Nc3 Bg7 8.
Be3 O-O 9. h3 Re8 10. Qd2 e6 11. O-O e5 12. d5 Nd4 13. Nxd4 exd4 14. Bxd4 Bxd4
15. Qxd4 c6 16. Bf3 Bf5 17. Rfe1 cxd5 18. cxd5 Rc8 19. b3 Rc7 20. Nb5 Rd7 21.
Rxe8+ Qxe8 22. Rc1 Qd8 23. Nxa7 Bxh3 24. a4 1-0

[Event "XIX Memorial Nicola Berruto A"]
[Site "Nichelino ITA"]
[Date "2016.03.04"]
[Round "4"]
[White "Lieggi, Daniele"]
[Black "Zenere, Gabriele"]
[WhiteElo "1769"]
[BlackElo "1806"]
[Result "0-1"]
[PlyCount "54"]
[EventDate "2016.02.12"]

1. e4 c5 2. Nf3 Nc6 3. Bc4 e6 4. O-O Nf6 5. Nc3 Be7 6. d4 d5 7. exd5 exd5 8.
Bb5 O-O 9. Bg5 Be6 10. Bxc6 bxc6 11. Ne5 Qc7 12. f4 cxd4 13. Qxd4 Rab8 14. Kh1
Rb4 15. Qf2 Rxb2 16. Qh4 Bf5 17. Rf3 Rxc2 18. Rg3 Bg6 19. Nxg6 fxg6 20. f5 Qe5
21. fxg6 hxg6 22. Rf3 Qd6 23. Re3 Bd8 24. Ne2 Ne4 25. Bxd8 Qxd8 26. Rxe4 Qxh4
27. Rxh4 Rxe2 0-1

[Event "XIX Memorial Nicola Berruto A"]
[Site "Nichelino ITA"]
[Date "2016.03.04"]
[Round "4"]
[White "Liviabella, Lucio"]
[Black "Blundo, Michele"]
[WhiteElo "1581"]
[BlackElo "1693"]
[Result "0-1"]
[PlyCount "146"]
[EventDate "2016.02.12"]

1. e4 c5 2. Nf3 d6 3. d4 cxd4 4. Nxd4 a6 5. Nc3 e6 6. Be2 Nf6 7. O-O Be7 8. Bg5
O-O 9. Nf3 Nbd7 10. a3 Qc7 11. Bh4 b5 12. Bg3 Rd8 13. Qc1 Bb7 14. Bd3 Ne5 15.
Nxe5 dxe5 16. Kh1 Nh5 17. Qd1 Nf4 18. Bxf4 exf4 19. Qg4 Qe5 20. g3 Bd6 21. Rae1
Qf6 22. f3 Be5 23. gxf4 Qxf4 24. Qg2 Qh6 25. Re2 Qf4 26. Rg1 g6 27. Qg4 h5 28.
Qxh5 Kg7 29. Qg4 Rh8 30. Qxf4 Bxf4 31. Nd1 Rh5 32. Rg4 e5 33. Ne3 Kf6 34. Nf1
Rah8 35. Rgg2 g5 36. Ng3 Rh3 37. Nf5 Rxf3 38. Ref2 Rxf2 39. Rxf2 g4 40. Kg1 Rh3
41. b4 Kg5 42. Bf1 Rxa3 43. Bd3 Ra1+ 44. Kg2 Re1 45. Nd6 f5 46. Nxb7 fxe4 47.
Re2 exd3 48. Rxe1 dxc2 49. Nc5 c1=Q 50. Rxc1 Bxc1 51. Nxa6 Kf4 52. Kf2 e4 53.
Ke2 Bb2 54. Nc7 Ba3 55. Na6 Ke5 56. Ke3 Bc1+ 57. Ke2 Kd4 58. Kd1 Bf4 59. Nc5
Bxh2 60. Ne6+ Kd3 61. Nc5+ Kd4 62. Ke2 Kc4 63. Nxe4 Kxb4 64. Nd2 Bf4 65. Ne4
Kc4 66. Kd1 b4 67. Kc2 g3 68. Nxg3 Bxg3 69. Kb2 Be5+ 70. Kc2 b3+ 71. Kb1 Kd3
72. Kc1 b2+ 73. Kb1 Kd2 0-1

[Event "XIX Memorial Nicola Berruto A"]
[Site "Nichelino ITA"]
[Date "2016.03.04"]
[Round "4"]
[White "Malano, Francesco"]
[Black "Ferretti, Carlo"]
[WhiteElo "1878"]
[BlackElo "2032"]
[Result "1/2-1/2"]
[PlyCount "145"]
[EventDate "2016.02.12"]

1. d4 Nf6 2. c4 c5 3. d5 b5 4. cxb5 a6 5. e3 g6 6. Nc3 d6 7. Bc4 Bg7 8. Nge2
O-O 9. O-O Nbd7 10. bxa6 Nb6 11. Bb5 Bxa6 12. Bxa6 Rxa6 13. e4 Qa8 14. Qc2 Rb8
15. b3 c4 16. Rb1 Nfd7 17. Be3 cxb3 18. axb3 Ne5 19. h3 Qb7 20. Ra1 Rba8 21.
Rxa6 Qxa6 22. Rd1 Ned7 23. Rb1 Qa3 24. Bd4 Bh6 25. Rb2 Nc5 26. f3 Qb4 27. Rb1
Rc8 28. Na2 Qa3 29. Qb2 Qa6 30. Nac1 Nbd7 31. Ra1 Qb5 32. Qc3 Qb7 33. Qb2 Qb5
34. Qc3 Qb7 35. Qb2 Rb8 36. Ra3 Qb5 37. Bc3 Qb7 38. Ra5 Qb6 39. Kh1 Nxb3 40.
Qxb3 Qxb3 41. Nxb3 Rxb3 42. Ra7 Nc5 43. Rxe7 Nd3 44. Re8+ Bf8 45. Bd2 Kg7 46.
Bc3+ f6 47. Bxf6+ Kxf6 48. Rxf8+ Ke7 49. Rh8 h5 50. Rh7+ Kf6 51. Rd7 Rb2 52.
Rxd6+ Kg5 53. f4+ Kh4 54. g3+ Kxh3 55. Ng1+ Kxg3 56. Rxg6+ Kxf4 57. Nh3+ Kxe4
58. d6 Ne5 59. Rg5 Nf3 60. Rg2 Rb1+ 61. Ng1 Rd1 62. Rg6 Nxg1 63. Rxg1 Rxd6 64.
Rg5 h4 65. Kg2 Kf4 66. Rg8 Rd2+ 67. Kh3 Rd1 68. Rf8+ Kg5 69. Rg8+ Kf6 70. Rf8+
Kg7 71. Rf5 Kg6 72. Ra5 Rd4 73. Rb5 1/2-1/2

[Event "XIX Memorial Nicola Berruto A"]
[Site "Nichelino ITA"]
[Date "2016.03.04"]
[Round "4"]
[White "Marguati, Massimiano"]
[Black "Vinco, Alberto"]
[WhiteElo "1911"]
[BlackElo "1624"]
[Result "1-0"]
[PlyCount "107"]
[EventDate "2016.02.12"]

1. d4 d5 2. c4 c6 3. Nf3 Nf6 4. e3 Bf5 5. Nc3 e6 6. Qb3 Qc7 7. Be2 Be7 8. O-O
O-O 9. Ne5 Nbd7 10. f4 Nxe5 11. fxe5 Ne4 12. Nxe4 Bxe4 13. Bg4 Rab8 14. Bd2 c5
15. cxd5 exd5 16. Rac1 c4 17. Qd1 b5 18. Qe1 b4 19. Qg3 f5 20. Bd1 a5 21. Ba4
Qb6 22. Qh3 Qg6 23. Rf2 Rb6 24. Rcf1 Qh6 25. Qxh6 Rxh6 26. Bd7 Bd3 27. Rc1 Be4
28. g3 Rb6 29. Ba4 g6 30. Bd1 h5 31. Ba4 Kg7 32. h3 Rh8 33. Rh2 Rbb8 34. Bd1
Rb6 35. Ra1 Rc8 36. Rc1 Rbc6 37. Ba4 R6c7 38. Be1 c3 39. bxc3 bxc3 40. Bc2 Ba3
41. Rb1 Bb2 42. g4 hxg4 43. hxg4 fxg4 44. Bxe4 dxe4 45. Rc2 Rf8 46. Bg3 Rf3 47.
Bf4 g3 48. Rf1 Rf7 49. Rxf3 exf3 50. Bxg3 g5 51. e6 Re7 52. Be5+ Kg6 53. d5 Kf5
54. d6 1-0

[Event "XIX Memorial Nicola Berruto A"]
[Site "Nichelino ITA"]
[Date "2016.03.04"]
[Round "4"]
[White "Petrini, Alberto"]
[Black "Terzo, Andrea"]
[WhiteElo "1920"]
[BlackElo "1873"]
[Result "1/2-1/2"]
[PlyCount "38"]
[EventDate "2016.02.12"]

1. d4 d5 2. c4 e6 3. Nc3 Nf6 4. cxd5 exd5 5. Bg5 c6 6. e3 Nbd7 7. Bd3 Be7 8.
Qc2 O-O 9. Nge2 Re8 10. O-O Ne4 11. Bf4 Nxc3 12. Bxh7+ Kh8 13. bxc3 g6 14. Bxg6
fxg6 15. Qxg6 Bf8 16. Bg5 Be7 17. Qh5+ Kg8 18. Qg6+ Kh8 19. Qh5+ Kg8 1/2-1/2

[Event "XIX Memorial Nicola Berruto A"]
[Site "Nichelino ITA"]
[Date "2016.03.04"]
[Round "4"]
[White "Petrini, Davide"]
[Black "Gaudenzi, Mauro"]
[WhiteElo "1476"]
[BlackElo "1281"]
[Result "1-0"]
[PlyCount "133"]
[EventDate "2016.02.12"]

1. e4 c5 2. Nc3 d6 3. g3 Nc6 4. Bg2 Nf6 5. d3 e5 6. Be3 a6 7. a4 Be7 8. f4 Ng4
9. Bd2 f5 10. h3 Nf6 11. Nf3 g6 12. fxe5 Nxe5 13. Nxe5 dxe5 14. Qe2 Qd6 15. Bh6
Nh5 16. Qf3 Qe6 17. Nd5 Bd8 18. c4 Ba5+ 19. Nc3 Bd8 20. exf5 Qxf5 21. Qxf5 gxf5
22. Ne2 Rb8 23. Be3 b6 24. Rf1 Ng7 25. Bd5 Be7 26. Ng1 Rf8 27. Bh6 Bf6 28. Nf3
Ke7 29. Nh4 Bxh4 30. Bxg7 Bxg3+ 31. Ke2 Be6 32. Bxf8+ Rxf8 33. Bxe6 Kxe6 34.
Kf3 f4 35. Ke4 Rf5 36. Rad1 h5 37. Rb1 Rg5 38. b4 Kd6 39. bxc5+ Kxc5 40. Rfd1
Kd6 41. d4 exd4 42. Rxd4+ Kc5 43. Rd5+ Rxd5 44. cxd5 Kd6 45. Rc1 f3 46. Rc6+
Kd7 47. Kxf3 Bd6 48. Rxb6 a5 49. Ke4 Kc7 50. Rc6+ Kd7 51. Kf5 Ke7 52. Kg5 h4
53. Kxh4 Be5 54. Kg4 Kd7 55. h4 Bd4 56. h5 Ke7 57. h6 Bh8 58. Rc8 Bf6 59. h7
Kd7 60. h8=Q Bxh8 61. Rxh8 Kd6 62. Ra8 Kxd5 63. Rxa5+ Kc6 64. Rb5 Kc7 65. a5
Kc6 66. Rb1 Kc7 67. a6 1-0

[Event "XIX Memorial Nicola Berruto A"]
[Site "Nichelino ITA"]
[Date "2016.03.04"]
[Round "4"]
[White "Salerno, Carmine"]
[Black "De Renzi, Giuseppe"]
[WhiteElo "1583"]
[BlackElo "1553"]
[Result "1-0"]
[PlyCount "63"]
[EventDate "2016.02.12"]

1. c4 Nf6 2. Nf3 c5 3. d4 g6 4. e3 Bg7 5. Nc3 O-O 6. Be2 d6 7. O-O Bf5 8. d5
Qb6 9. Nd2 Qc7 10. e4 Bd7 11. f4 a5 12. Nf3 a4 13. a3 Qc8 14. Qe1 Na6 15. Bd3
Nc7 16. Qh4 Qe8 17. e5 dxe5 18. fxe5 Ng4 19. Bf4 h5 20. Rae1 Qd8 21. Ne4 b6 22.
Ng3 e6 23. Bg5 f6 24. exf6 Bxf6 25. Bxf6 Rxf6 26. Nxh5 Rxf3 27. Qxg4 Rxf1+ 28.
Rxf1 g5 29. Nf6+ Kf8 30. Nxd7+ Ke7 31. Ne5 Kd6 32. Nf7+ 1-0

[Event "XIX Memorial Nicola Berruto A"]
[Site "Nichelino ITA"]
[Date "2016.03.11"]
[Round "5"]
[White "Alemanni, Marco"]
[Black "Coqueraut, Lodewyk"]
[WhiteElo "1707"]
[BlackElo "1652"]
[Result "1/2-1/2"]
[PlyCount "68"]
[EventDate "2016.02.12"]

1. e4 b6 2. d4 Bb7 3. Nc3 Nf6 4. Bd3 Nc6 5. Nf3 Nb4 6. O-O Nxd3 7. Qxd3 e6 8.
Bg5 h6 9. Bh4 Be7 10. Rad1 O-O 11. Rfe1 Re8 12. d5 exd5 13. exd5 d6 14. h3 Qd7
15. Re3 a5 16. Rde1 g5 17. Bg3 Bf8 18. Nh2 Bg7 19. f4 Rxe3 20. Rxe3 g4 21. Bh4
Ba6 22. Qd1 Re8 23. Rg3 h5 24. hxg4 hxg4 25. Nxg4 Nxg4 26. Rxg4 Kf8 27. Bf2 Qf5
28. Rh4 Bf6 29. Rh3 Ke7 30. Re3+ Kd7 31. Rxe8 Kxe8 32. g3 Kd7 33. a4 Bxc3 34.
bxc3 Bc4 1/2-1/2

[Event "XIX Memorial Nicola Berruto A"]
[Site "Nichelino ITA"]
[Date "2016.03.11"]
[Round "5"]
[White "Blundo, Michele"]
[Black "Del Duca, Giuseppe"]
[WhiteElo "1693"]
[BlackElo "1492"]
[Result "1-0"]
[PlyCount "105"]
[EventDate "2016.02.12"]

1. d4 d5 2. Nf3 Nf6 3. e3 e6 4. Nbd2 c5 5. c3 c4 6. Qc2 b5 7. Be2 h6 8. b3 Bd6
9. e4 Bf4 10. h3 Bb7 11. e5 Bxd2+ 12. Nxd2 Nh7 13. Nf3 Nd7 14. O-O O-O 15. Bf4
Qe7 16. a4 a6 17. Bc1 Qd8 18. axb5 axb5 19. Ba3 Re8 20. Bd6 f6 21. Rfb1 Rxa1
22. Rxa1 fxe5 23. dxe5 Ng5 24. Nxg5 Qxg5 25. f4 Qg3 26. Bh5 Ra8 27. Rxa8+ Bxa8
28. bxc4 dxc4 29. Qg6 Qe3+ 30. Kh2 Qxf4+ 31. Qg3 Qxg3+ 32. Kxg3 Bd5 33. Kf2 Nb6
34. Be8 Na4 35. Bb4 Nb2 36. g3 Nd3+ 37. Ke3 Nxe5 38. Bxb5 Kf7 39. Kd4 Nf3+ 40.
Ke3 Ng5 41. h4 Nh7 42. Kd4 Kf6 43. Bd6 Kf5 44. Bxc4 Bxc4 45. Kxc4 Nf6 46. Kd4
Nh5 47. c4 Nxg3 48. Bxg3 h5 49. c5 Kf6 50. c6 Ke7 51. Kc5 g6 52. Kb6 Kd8 53.
Kb7 1-0

[Event "XIX Memorial Nicola Berruto A"]
[Site "Nichelino ITA"]
[Date "2016.03.11"]
[Round "5"]
[White "Bosetti, Roberto"]
[Black "Salerno, Carmine"]
[WhiteElo "1771"]
[BlackElo "1583"]
[Result "1-0"]
[PlyCount "69"]
[EventDate "2016.02.12"]

1. d4 Nf6 2. c4 e6 3. Nc3 d5 4. Bg5 Be7 5. e3 c6 6. Nf3 Nbd7 7. Bd3 dxc4 8.
Bxc4 b5 9. Bd3 Bb7 10. O-O a6 11. Rc1 Rc8 12. Qe2 c5 13. Rfd1 c4 14. Bb1 O-O
15. e4 Ne8 16. Be3 f5 17. exf5 exf5 18. Bf4 Nd6 19. Bxd6 Bxd6 20. Qe6+ Kh8 21.
Qxd6 Rc6 22. Qf4 Rh6 23. Re1 Nb6 24. Rcd1 b4 25. Ne2 Nd5 26. Qg5 Qd6 27. Ne5 f4
28. Be4 f3 29. Ng3 fxg2 30. Bxg2 Nf4 31. Nf5 Rxf5 32. Qxf5 Nh3+ 33. Bxh3 Rf6
34. Nf7+ Rxf7 35. Re8+ 1-0

[Event "XIX Memorial Nicola Berruto A"]
[Site "Nichelino ITA"]
[Date "2016.03.11"]
[Round "5"]
[White "Bruno, Rocco"]
[Black "Di Stefano, Marco T"]
[WhiteElo "1475"]
[BlackElo "1708"]
[Result "1/2-1/2"]
[PlyCount "129"]
[EventDate "2016.02.12"]

1. e4 e5 2. Nf3 Nc6 3. Bb5 Nf6 4. O-O Nxe4 5. Re1 Nd6 6. Bxc6 dxc6 7. Nxe5 Be7
8. Qh5 O-O 9. d4 Nf5 10. c3 c5 11. dxc5 Bxc5 12. Rd1 Qf6 13. Nd3 Bd6 14. Bf4
Re8 15. Bxd6 Qxd6 16. Qf3 Nh6 17. h3 Qg6 18. Ne5 Qg5 19. Nd3 Bf5 20. Nd2 Rad8
21. Qf4 Qf6 22. Nc5 Qb6 23. b4 Qc6 24. Nc4 b6 25. Ne5 Qf6 26. Rxd8 Rxd8 27. Re1
bxc5 28. b5 g5 29. Qc4 Qd6 30. Nc6 Rd7 31. a4 Bd3 32. Qb3 g4 33. h4 Nf5 34. g3
Nxg3 35. Qd1 Ne4 36. Qxg4+ Qg6 37. Qxg6+ hxg6 38. Nxa7 Nxc3 39. Re8+ Kg7 40. a5
Bxb5 41. Nxb5 Nxb5 42. Rb8 Na7 43. Rb7 Nc6 44. a6 c4 45. a7 Rd1+ 46. Kg2 Ra1
47. Rxc7 Nxa7 48. Rxc4 Nb5 49. Kg3 Ra3+ 50. Kg4 Nc3 51. Rb4 Ra4 52. Rxa4 Nxa4
53. f4 f5+ 54. Kg5 Kf7 55. h5 Kg7 56. hxg6 Nc5 57. Kxf5 Nd7 58. Kg5 Nf8 59. f5
Nxg6 60. fxg6 Kg8 61. Kf6 Kf8 62. Kg5 Kg8 63. Kf6 Kf8 64. g7+ Kg8 65. Kg6
1/2-1/2

[Event "XIX Memorial Nicola Berruto A"]
[Site "Nichelino ITA"]
[Date "2016.03.11"]
[Round "5"]
[White "De Renzi, Giuseppe"]
[Black "Liviabella, Lucio"]
[WhiteElo "1553"]
[BlackElo "1581"]
[Result "0-1"]
[PlyCount "60"]
[EventDate "2016.02.12"]

1. Nf3 c5 2. d4 cxd4 3. Nxd4 a6 4. g3 e5 5. Nb3 Nf6 6. Bg2 Nc6 7. Nc3 Be7 8.
O-O O-O 9. a3 d6 10. Nd2 Bg4 11. Nde4 Nxe4 12. Bxe4 Bh3 13. Bg2 Bxg2 14. Kxg2
f5 15. Nd5 Kh8 16. Nxe7 Qxe7 17. b4 f4 18. Bb2 fxg3 19. hxg3 Rf6 20. Rh1 Raf8
21. f4 Rg6 22. e3 exf4 23. Rxh7+ Kxh7 24. Qh5+ Rh6 25. Qd5 Qxe3 26. gxf4 Qh3+
27. Kf2 Rxf4+ 28. Ke2 Qg4+ 29. Kd2 Rh2+ 30. Ke3 Qg3+ 0-1

[Event "XIX Memorial Nicola Berruto A"]
[Site "Nichelino ITA"]
[Date "2016.03.11"]
[Round "5"]
[White "Ferrario, Enrico"]
[Black "Petrini, Alberto"]
[WhiteElo "1819"]
[BlackElo "1920"]
[Result "0-1"]
[PlyCount "80"]
[EventDate "2016.02.12"]

1. e4 d5 2. Nc3 dxe4 3. Nxe4 e6 4. Nf3 Be7 5. Bc4 Nf6 6. Ng3 c5 7. O-O O-O 8.
c3 Nc6 9. Re1 b6 10. Qe2 Re8 11. Ng5 Nd5 12. Nh3 Bb7 13. Qg4 Nf6 14. Qe2 Nd5
15. f4 Qd7 16. f5 exf5 17. Qf3 Nf6 18. Qxf5 Qxf5 19. Nxf5 Bf8 20. Rxe8 Rxe8 21.
Ne3 Ne5 22. Be2 Rd8 23. Nf2 g6 24. a4 a5 25. Nc4 Nxc4 26. Bxc4 Re8 27. Kf1 Bd6
28. g3 h5 29. Nh3 h4 30. Ng5 Nd5 31. Kf2 hxg3+ 32. hxg3 f6 33. Nf3 Kg7 34. d3
g5 35. Bd2 Kg6 36. Rh1 Kg7 37. Nxg5 fxg5 38. Rh5 Be7 39. Bxg5 Kg6 40. Bxe7 Kxh5
0-1

[Event "XIX Memorial Nicola Berruto A"]
[Site "Nichelino ITA"]
[Date "2016.03.11"]
[Round "5"]
[White "Ferretti, Carlo"]
[Black "Di Chiara, Mauro"]
[WhiteElo "2032"]
[BlackElo "1950"]
[Result "1/2-1/2"]
[PlyCount "89"]
[EventDate "2016.02.12"]

1. d4 Nf6 2. Nc3 g6 3. e4 d6 4. Be3 Bg7 5. Qd2 O-O 6. O-O-O c6 7. f3 b5 8. Bh6
Qa5 9. Kb1 Bxh6 10. Qxh6 Be6 11. d5 cxd5 12. exd5 Bf5 13. g4 Bxc2+ 14. Kxc2 b4
15. Nge2 Rc8 16. Kb1 bxc3 17. Nxc3 Nbd7 18. Qd2 Rab8 19. Ka1 Nc5 20. Bc4 Rb4
21. Ne2 Qb6 22. b3 a5 23. Nd4 a4 24. Nc6 Rxc6 25. dxc6 axb3 26. c7 b2+ 27. Kb1
Rxc4 28. c8=Q+ Kg7 29. g5 Nfd7 30. h4 Ne5 31. h5 gxh5 32. Rxh5 Rc1+ 33. Rxc1
bxc1=Q+ 34. Kxc1 Ncd3+ 35. Kd1 Qb1+ 36. Ke2 Qg1 37. Qf5 Qf2+ 38. Kd1 Qg1+ 39.
Kc2 Qc5+ 40. Qc3 Qf2+ 41. Kb3 Qb6+ 42. Ka4 Qa6+ 43. Kb3 Qb6+ 44. Ka3 Qa6+ 45.
Kb3 1/2-1/2

[Event "XIX Memorial Nicola Berruto A"]
[Site "Nichelino ITA"]
[Date "2016.03.11"]
[Round "5"]
[White "Gaudenzi, Mauro"]
[Black "Cadario, Mario"]
[WhiteElo "1281"]
[BlackElo "1575"]
[Result "0-1"]
[PlyCount "112"]
[EventDate "2016.02.12"]

1. d4 d5 2. Nf3 Nf6 3. Bf4 c6 4. e3 e6 5. c3 Nbd7 6. Bd3 c5 7. Nbd2 cxd4 8.
exd4 Be7 9. O-O O-O 10. Re1 Re8 11. Rc1 a6 12. c4 Bb4 13. Qc2 h6 14. a3 dxc4
15. Bxc4 Bxd2 16. Bxd2 b5 17. Bd3 Bb7 18. Qd1 Rc8 19. Ne5 Rxc1 20. Bxc1 Nb6 21.
Bf1 Qd5 22. Be3 Rd8 23. f3 Rc8 24. Qb1 Nc4 25. Nxc4 bxc4 26. Be2 Ng4 27. Qc1
Nxe3 28. Qxe3 Rd8 29. Rd1 Bc6 30. Qc3 Bb5 31. Rd2 e5 32. Qe3 exd4 33. Qe4 Qxe4
34. fxe4 d3 35. Bd1 Re8 36. Bf3 Rc8 37. Bg4 Rc7 38. Bd1 c3 39. bxc3 Rxc3 40. a4
Bc6 41. e5 Ra3 42. Rb2 Ra1 43. Rd2 Bxa4 44. Rxd3 Rxd1+ 45. Rxd1 Bxd1 46. Kf2
Bb3 47. Ke1 a5 48. Kd2 a4 49. Kc3 Kf8 50. Kb2 Ke7 51. g4 Ke6 52. h4 Kxe5 53.
Kc3 Kf4 54. g5 hxg5 55. hxg5 Kxg5 56. Kb4 f5 0-1

[Event "XIX Memorial Nicola Berruto A"]
[Site "Nichelino ITA"]
[Date "2016.03.11"]
[Round "5"]
[White "Gussone, Claudio"]
[Black "Coxe, Marino"]
[WhiteElo "1752"]
[BlackElo "1670"]
[Result "1/2-1/2"]
[PlyCount "93"]
[EventDate "2016.02.12"]

1. d4 d5 2. Nf3 Nc6 3. g3 Nf6 4. Bg2 Bf5 5. c4 e6 6. O-O Be7 7. cxd5 exd5 8. a3
O-O 9. Nc3 h6 10. Bf4 a6 11. Rc1 Rc8 12. Re1 Be6 13. Qb3 Rb8 14. Na4 Bd6 15.
Be3 Na5 16. Qc2 Nc4 17. Bd2 Nxd2 18. Nxd2 Qd7 19. Nc5 Bxc5 20. Qxc5 c6 21. f3
Bh3 22. e4 Bxg2 23. Kxg2 dxe4 24. fxe4 Rbd8 25. Nf3 Rfe8 26. Qc2 Qg4 27. Ne5
Qh5 28. Rcd1 Ng4 29. Nxg4 Qxg4 30. Qe2 Qe6 31. Qf3 f6 32. d5 Qe5 33. Qb3 Kh8
34. a4 cxd5 35. exd5 Qd6 36. Rxe8+ Rxe8 37. Rd2 b6 38. Qc2 Rd8 39. Qd3 a5 40.
Kf1 Qb4 41. b3 Qc5 42. Re2 Qd6 43. Rd2 Kg8 44. Qg6 Qe5 45. Qd3 Qd6 46. Re2 Kf8
47. Rd2 1/2-1/2

[Event "XIX Memorial Nicola Berruto A"]
[Site "Nichelino ITA"]
[Date "2016.03.11"]
[Round "5"]
[White "Manunta, Andrea"]
[Black "Malano, Francesco"]
[WhiteElo "1837"]
[BlackElo "1878"]
[Result "1/2-1/2"]
[PlyCount "109"]
[EventDate "2016.02.12"]

1. d4 d6 2. Nf3 f5 3. e3 Nf6 4. b3 g6 5. Bb2 Bg7 6. Bc4 e6 7. Nc3 d5 8. Bd3 O-O
9. Qe2 Ne4 10. O-O Nxc3 11. Bxc3 a5 12. Qd2 b6 13. a3 c6 14. b4 axb4 15. axb4
Rxa1 16. Rxa1 Qc7 17. b5 cxb5 18. Bb4 Re8 19. Bxb5 Bd7 20. Bd3 Nc6 21. Bc3 Rc8
22. Rb1 Na5 23. Bb4 Nc4 24. Qe2 Ra8 25. Bxc4 Qxc4 26. Qxc4 dxc4 27. c3 Ra2 28.
Kf1 Ba4 29. Ke1 Bc2 30. Rc1 Bd3 31. Nd2 Kf7 32. f4 g5 33. g3 gxf4 34. exf4 b5
35. Nf3 Bf6 36. Bd6 Be4 37. Nd2 h5 38. Ke2 Bd3+ 39. Ke3 Kg6 40. h4 Bd8 41. Bb4
Kf7 42. Re1 Be7 43. Nf3 Ke8 44. Ng5 Kd7 45. Kf3 Ra6 46. Nh7 Bd8 47. Nf8+ Ke8
48. Rxe6+ Rxe6 49. Nxe6 Be4+ 50. Ke3 Bb6 51. Ng5 Bd5 52. Nf3 Be6 53. Nd2 Bd5
54. Nb1 Kd7 55. Nd2 1/2-1/2

[Event "XIX Memorial Nicola Berruto A"]
[Site "Nichelino ITA"]
[Date "2016.03.11"]
[Round "5"]
[White "Martin, Tiziano"]
[Black "Crepaldi, Manuele"]
[WhiteElo "1911"]
[BlackElo "1777"]
[Result "1-0"]
[PlyCount "45"]
[EventDate "2016.02.12"]

1. d4 d5 2. Nf3 Nf6 3. e3 c5 4. Bd3 c4 5. Be2 Nc6 6. O-O Bf5 7. c3 e6 8. b3 b5
9. bxc4 bxc4 10. Nbd2 Qa5 11. Ne5 Nxe5 12. dxe5 Nd7 13. e4 Bxe4 14. Nxe4 dxe4
15. Bf4 Be7 16. Qd4 Nb6 17. Qxe4 O-O 18. Bxc4 Nxc4 19. Qxc4 Rac8 20. Qe4 Rxc3
21. Bd2 Bb4 22. Rab1 Qxa2 23. Qe1 1-0